| 000 | 01175cam3a220031300 4500 | ||
|---|---|---|---|
| 001 | lce01440838 | ||
| 008 | 820930s1981 bcca 000 0 eng d | ||
| 010 | _acn 82007886 | ||
| 015 | _aC82-7886-7 | ||
| 020 |
_c _11.95 |
||
| 035 | _a(Sirsi) r30786 | ||
| 035 | _a(DLC)cn 82007886 | ||
| 035 | _a(UPRA)lce01440838 | ||
| 040 |
_aCaOONL _beng _cCaOONL |
||
| 043 | _an-cn--- | ||
| 055 | 0 | 1 | _aFC59 |
| 055 | 0 | 0 |
_aFC59 _bW75fol. |
| 082 | 0 |
_a917.1/04646/0222 _219 |
|
| 100 | 1 |
_aWright, Richard, 1940- _dWright, Richard, 1940- _6A95159.1 |
|
| 245 | 1 | 0 |
_aCanada, the scenic land / _cRichard T. Wright and Stan Garrod. |
| 260 |
_aNorth Vancouver, B.C. : _bWhitecap Books, _cc1981. |
||
| 651 | 0 |
_aCanada -- Pictorial works. _xCanada -- Pictorial works. _6S5736.1 |
|
| 651 | 0 |
_aCanada. _6S38157.1 |
|
| 651 | 6 |
_aCanada -- Descriptions et voyages -- 1981- -- Vues. _xCanada -- Descriptions et voyages -- 1981- -- Vues. _yCanada -- Descriptions et voyages -- 1981- -- Vues. _xCanada -- Descriptions et voyages -- 1981- -- Vues. _6S68492.1 |
|
| 651 | 6 |
_aCanada. _6S38157.1 |
|
| 700 | 1 |
_aGarrod, Stan. _6A95160.1 |
|
| 949 |
_aF1016 _wlcc _i-34674 _mMAIN _tBOOK _lON-SHELF |
||
| 004 | 30786 | ||
| 999 |
_c202324 _d202324 |
||